01227nam a2200277 a 450000100060000000300080000600500170001400800410003103500190007204000360009104100080012708200270013511100840016224501330024626000810037930000430046049000480050350000460055150400290059765000370062665000440066383000710070794200120077899900170079095201420080775175BD-RjUL20211209082645.0190128s1961 dcua b f100 0 eng  a(BD-RjUL)75393 aDLC/ICUcICUdDLCdBD-RjULbeng aeng00223a631.5233bSYM 19612 aSymposium on Mutation and Plant Breeedingd(1960 :cCornell University)922746810aSymposium on Mutation and Plant Breeding /cSponsored by the Committee on Plant Breeding and Genetics of the Agricultural Board. aWashington :bNational Academy of Sciences-National Research Council,c1961. aviii, 523 p.:billus., diagrs.c23 cm.1 aNational Research Council. Publicationv891 aCover title: Mutation and plant breeding. aIncludes bibliographies. 0aPlant mutation breeding.9227469 0aPlantsxEffect of radiation on.9227470 0aPublication (National Research Council (U.S.)) ;vno. 891.9227472 2ddccBK c75175d75175 00102ddc40718NFICaRUCLbRUCLcReadingd1965-08-10eZeitlingerg36.00l0o631.5233 SYM 1961r2019-01-28 00:00:00tC-1w2019-01-28yBK